| 000 | 00596nam a2200181 a 4500 | ||
|---|---|---|---|
| 001 | 50168 | ||
| 005 | 20180714035131.0 | ||
| 008 | 140415d 000 0 eng d | ||
| 020 | _a1578202809 | ||
| 041 | _aeng | ||
| 082 |
_a006.7 _bALE |
||
| 245 | 0 | 0 | _aDESIGNING MENUS WITH DVD STUDIO PRO |
| 250 | _a1a ed. | ||
| 260 |
_a[s.l.] : _bCMP MEDIA LLC, _c[s.f.] |
||
| 300 |
_a249 _c18.8 x 1.4 x 23.3 |
||
| 520 | _aESTE LIBRO AYUDA A OPTIMIZAR TUS HERRAMIENTAS DVD ESTUDIO PRO ES EL NIVEL PROFERSIONAL DVD ES UNA HERRAMIENTA AUTORIZADA DE APPLE. | ||
| 650 | 1 | 4 | _aSISTEMAS MULTIMEDIA |
| 999 |
_c50168 _d50168 |
||